[Event "St Petersburg op2"]
[Site "St Petersburg"]
[Date "1994.??.??"]
[Round "3"]
[White "Tregubov, Pavel V"]
[Black "Zontakh, Andrey"]
[Result "1/2-1/2"]
[WhiteElo "2545"]
[BlackElo "2440"]

1.d4 d5 2.c4 c6 3.Nf3 Nf6 4.Nc3 e6 5.e3 Nbd7 6.Qc2 Bd6 7.b3 O-O 8.Be2 e5
9.cxd5 cxd5 10.Nb5 Bb4+ 11.Bd2 Bxd2+ 12.Qxd2 e4 13.Ne5 Qe7 14.Qc3 Nxe5 15.dxe5 Nd7
16.Nc7 Rb8 17.Nxd5 Qxe5 18.O-O-O Qxc3+ 19.Nxc3 Nf6 20.Rd4 Bg4 21.Re1 Bxe2
22.Rxe2 Rbe8 23.Nb5 Re5 24.Nd6 b6 25.Rc2 h5 26.h4 a5 27.a4 Rb8 28.Kd1 Rd8
29.Ke1 Re6 30.Rc6 Rb8 31.Rcc4 g6 32.Ke2 Kf8 33.Rc7 Rxd6 34.Rxd6 Ne8 35.Rdc6  1/2-1/2

[Event "St Petersburg op"]
[Site "St Petersburg"]
[Date "1994.??.??"]
[Round "3"]
[White "Pugachov, Alexey"]
[Black "Serper, Grigory"]
[Result "1/2-1/2"]
[WhiteElo "2470"]
[BlackElo "2560"]

1.d4 d5 2.c4 c6 3.Nc3 Nf6 4.Nf3 e6 5.e3 Nbd7 6.Qc2 Bd6 7.g4 dxc4 8.Bxc4 b5
9.Bd3 b4 10.Ne4 Nxe4 11.Bxe4 Bb7 12.Nd2 Rc8 13.Nc4 Be7 14.a3 bxa3 15.Nxa3 Qc7
16.Nc4 Ba8 17.Na5 Nf6 18.Bf3 O-O 19.Bd2 Qb8 20.Qb3 c5 21.Qxb8 Rxb8 22.Bxa8 Rxa8
23.Nc6 Bd6 24.dxc5 Bxc5 25.b4 Bd6 26.f3 a6 27.Ke2 Rfc8 28.Rhc1 Kf8  1/2-1/2

[Event "St Petersburg op"]
[Site "St Petersburg"]
[Date "1994.??.??"]
[Round "7"]
[White "Ryskin, Alexander"]
[Black "Serper, Grigory"]
[Result "0-1"]
[WhiteElo "2500"]
[BlackElo "2560"]

1.d4 d5 2.c4 c6 3.Nc3 Nf6 4.Nf3 e6 5.e3 Nbd7 6.Be2 Bd6 7.O-O O-O 8.a3 Ne4
9.Nxe4 dxe4 10.Nd2 f5 11.b4 Qf6 12.f4 exf3 13.Nxf3 e5 14.c5 Bc7 15.e4 f4
16.Bb2 exd4 17.Qxd4 Qxd4+ 18.Bxd4 h6 19.Bc4+ Kh7 20.g3 Nf6 21.e5 Nd5 22.Bxd5 cxd5
23.Ne1 g5 24.gxf4 gxf4 25.Nd3 f3 26.Kf2 Bh3 27.Rg1 Bd8 28.Ra2 Bh4+ 29.Ke3 Bg5+
30.Kf2 Bh4+ 31.Ke3 Bg5+ 32.Kf2 Bf5 33.Rd1 Bh4+ 34.Ke3 Bg5+ 35.Kf2 Bh4+ 36.Ke3 Be4
37.Bc3 f2 38.Nf4 Rxf4  0-1

[Event "St Petersburg op2"]
[Site "St Petersburg"]
[Date "1994.??.??"]
[Round "7"]
[White "Tunik, Gennady"]
[Black "Zvjaginsev, Vadim"]
[Result "1-0"]
[WhiteElo "2450"]
[BlackElo "2585"]

1.d4 Nf6 2.c4 e6 3.Nf3 d5 4.Nc3 c6 5.e3 Nbd7 6.Bd3 dxc4 7.Bxc4 b5 8.Be2 Bb7
9.O-O a6 10.e4 c5 11.e5 Nd5 12.a4 b4 13.Ne4 cxd4 14.Bg5 Qa5 15.Qxd4 h6 16.Bh4 Qb6
17.Bg3 Qxd4 18.Nxd4 h5 19.h4 Ne3 20.fxe3 Bxe4 21.Rfc1 Be7 22.Bf3 Nc5 23.Rc4 Bd5
24.Bxd5 exd5 25.Rc2 b3 26.Rcc1 g6 27.Kh2 Ne4 28.Rc7 Bd8 29.Rc6 g5 30.hxg5 Nxg3
31.Kxg3 Rg8 32.g6 Rxg6+ 33.Rxg6 fxg6 34.Rc1 Rb8 35.Rc6 Bb6 36.Kf4 Kf7 37.Rf6+ Kg7
38.Kg5 Bxd4 39.exd4 Rb4 40.Rxg6+ Kf7 41.Rxa6 Rxd4 42.Kf5 Rd2 43.e6+ Ke7 44.Ra7+ Kf8
45.Ke5 Rxb2 46.Kd6 Re2 47.Rb7 b2 48.a5  1-0

[Event "St Petersburg op"]
[Site "St Petersburg"]
[Date "1994.??.??"]
[Round "7"]
[White "Korotylev, Alexey"]
[Black "Neverov, Valeriy"]
[Result "1-0"]
[WhiteElo "2415"]
[BlackElo "2530"]

1.d4 d5 2.c4 e6 3.Nc3 c6 4.e3 Nf6 5.Nf3 Nbd7 6.Qc2 Bd6 7.Be2 O-O 8.O-O Re8
9.Rd1 b6 10.e4 Nxe4 11.Nxe4 dxe4 12.Qxe4 Bb7 13.Bd3 f5 14.Qe2 c5 15.Bc2 Qc7
16.Ba4 cxd4 17.Nxd4 Bxh2+ 18.Kh1 Nf6 19.Bxe8 Rxe8 20.Bg5 Ne4 21.Be3 Be5 22.Nf3 Bf6
23.Kg1 f4 24.Bc1 g5 25.Ne1 Qc5 26.a4 Bd4 27.Nd3 Qf5 28.Kh2 e5 29.Qh5 Nf6
30.Qh3 Ng4+ 31.Kg1 Re6 32.Qh5 Kg7 33.Ra3 Nf6 34.Qh1 Ne4 35.Qh3 g4 36.Qh4 g3
37.Kf1 gxf2 38.Nxf4 exf4 39.Rxd4 Ng3+ 40.Rxg3+ fxg3 41.Qxg3+  1-0

[Event "St Petersburg op2"]
[Site "St Petersburg"]
[Date "1994.??.??"]
[Round "8"]
[White "Dokuchaev, Aleksander"]
[Black "Ionov, Sergey"]
[Result "1-0"]
[WhiteElo "2415"]
[BlackElo "2530"]

1.d4 Nf6 2.c4 e6 3.Nf3 d5 4.Nc3 c6 5.e3 Nbd7 6.Qc2 Bd6 7.Be2 O-O 8.O-O dxc4
9.Bxc4 Qe7 10.h3 c5 11.e4 cxd4 12.Nxd4 Ne5 13.Bb3 Bd7 14.Be3 Ng6 15.Rae1 Rac8
16.f4 Nxf4 17.Bxf4  1-0

[Event "St Petersburg op2"]
[Site "St Petersburg"]
[Date "1994.??.??"]
[Round "9"]
[White "Agrest, Evgenij"]
[Black "Kobalija, Mihail"]
[Result "1/2-1/2"]
[WhiteElo "2475"]
[BlackElo "2415"]

1.d4 d5 2.c4 e6 3.Nc3 c6 4.e3 Nf6 5.Nf3 Nbd7 6.Be2 Bd6 7.O-O O-O 8.Qc2 b6
9.e4 Nxe4 10.Nxe4 dxe4 11.Qxe4 Bb7 12.Bd3 g6 13.Bh6 Re8 14.Ng5 Nf6 15.Qf3 Rb8
16.Rfe1 c5 17.d5 Bf8 18.Bxf8 Rxf8 19.Rad1 exd5 20.cxd5 Qd6 21.Bc4 Rbe8 22.Ne4 Nxe4
23.Rxe4 Rxe4 24.Qxe4 Rd8 25.a4 Qf6 26.b3 Kf8 27.h3 Re8 28.Qd3 Qd6 29.Qc3 Qe5
30.Qd3 Qd6 31.Qc3 Kg8 32.Qd2 Kg7 33.Qg5 Qf6 34.Qg3 Qe5 35.Qxe5+ Rxe5 36.a5 Re8
37.axb6 axb6 38.d6 Rd8 39.d7 Kf8 40.Bb5 Ke7 41.f3 Ra8 42.Re1+ Kd6 43.Re8 Kc7
44.Re7 Bc6 45.Bxc6 Kxc6 46.Rxf7 Ra1+ 47.Kf2 Kc7 48.Rxh7 Rb1 49.Rg7 Rb2+ 50.Ke3 Rxg2
51.d8=Q+ Kxd8 52.Rb7 Rb2 53.Rxb6 Kc7 54.Rxg6 Rxb3+ 55.Ke4 Rb4+ 56.Kd5 Rh4
57.Rg3 c4 58.Ke5 Rh5+ 59.Ke4 c3 60.Kd3 Rc5 61.Kc2 Kd6 62.Rg4 Ke6 63.f4 Kf6
64.h4 Kf7 65.Rg3 Rf5 66.Rf3 Rh5  1/2-1/2

[Event "St Petersburg op2"]
[Site "St Petersburg"]
[Date "1994.??.??"]
[Round "9"]
[White "Korotylev, Alexey"]
[Black "Khavsky, Sergey V"]
[Result "1-0"]
[WhiteElo "2430"]
[BlackElo "2365"]

1.d4 d5 2.c4 e6 3.Nc3 c6 4.e3 Nf6 5.Nf3 Nbd7 6.Qc2 Bd6 7.Be2 dxc4 8.Bxc4 O-O
9.O-O e5 10.Bb3 Qe7 11.h3 Bc7 12.Bd2 exd4 13.exd4 Nb6 14.Rfe1 Qd6 15.Re5 Qd7
16.Re2 Qf5 17.Qxf5 Bxf5 18.Rae1 Bd6 19.Bg5 Rfe8 20.Bxf6 Rxe2 21.Rxe2 gxf6
22.Ne4 Bxe4 23.Rxe4 f5 24.Re2 Kg7 25.Bc2 Kf6 26.Nh4 f4 27.Nf5 Bc7 28.g4 fxg3
29.fxg3 Nd5 30.Kf2 Nb4 31.Bb1 Nxa2 32.Re7 Bb6 33.g4 Nb4 34.h4 Bxd4+ 35.Kf3 h6
36.Rxb7 Bb6 37.Nxh6 Rf8 38.g5+ Ke6 39.Bf5+ Ke5 40.Kg4 Nd5 41.Nxf7+ Rxf7 42.Rxf7 Ne3+
43.Kh5 Nxf5 44.g6 Ke6 45.Rxf5  1-0

[Event "St Petersburg op"]
[Site "St Petersburg"]
[Date "1994.??.??"]
[Round "9"]
[White "Gleizerov, Evgeny"]
[Black "Burmakin, Vladimir"]
[Result "1/2-1/2"]
[WhiteElo "2535"]
[BlackElo "2530"]

1.d4 d5 2.c4 c6 3.Nf3 Nf6 4.Nc3 e6 5.e3 Nbd7 6.Bd3 dxc4 7.Bxc4 b5 8.Be2 b4
9.Na4 Qa5 10.O-O Ba6 11.Bxa6 Qxa6 12.a3 Qb5 13.axb4 Bxb4 14.Bd2 a5 15.Nc3 Qb7
16.Ne1 c5 17.dxc5  1/2-1/2

[Event "Stockholm op2"]
[Site "Stockholm"]
[Date "1994.??.??"]
[Round "8"]
[White "Pedersen, Steffen"]
[Black "Engedal, Kim Nikolai"]
[Result "1-0"]
[WhiteElo "2420"]
[BlackElo "2225"]

1.d4 d5 2.c4 e6 3.Nc3 c6 4.e3 Nf6 5.Nf3 Nbd7 6.Bd3 Bd6 7.O-O O-O 8.e4 dxc4
9.Bxc4 e5 10.Bg5 Qe7 11.d5 Nb6 12.Bb3 cxd5 13.Bxd5 Rd8 14.Qb3 h6 15.Bh4 Bg4
16.Nd2 g5 17.f3 Bh5 18.Bf2 Bc5 19.Rad1 Bxf2+ 20.Rxf2 Qc5 21.Bxb7 Rab8 22.Ba6 Nbd7
23.Qc2 Nf8 24.Nf1 Ne6 25.Ng3 Nd4 26.Qc1 Nxf3+ 27.gxf3 Rxd1+ 28.Qxd1 Rxb2
29.Be2 Qxc3 30.Qd8+ Kg7 31.Nf5+  1-0

[Event "Sveti Sava"]
[Site "Sveti Sava"]
[Date "1994.??.??"]
[Round "?"]
[White "Drasko, Milan"]
[Black "Ciric, Dragoljub M"]
[Result "0-1"]
[WhiteElo "2545"]
[BlackElo "2365"]

1.d4 d5 2.c4 e6 3.Nc3 Nf6 4.Nf3 c6 5.e3 Nbd7 6.Qc2 Bd6 7.b3 O-O 8.Be2 e5
9.cxd5 Nxd5 10.Nxd5 cxd5 11.dxe5 Nxe5 12.O-O Nxf3+ 13.Bxf3 d4 14.exd4 Qh4
15.g3 Qxd4 16.Bb2 Qb4 17.Rfd1 Be6 18.Qc3 Qxc3 19.Bxc3 Rac8 20.Rxd6 Rxc3 21.Bxb7 Rc7
22.Be4 g6 23.Kg2 Rfc8 24.Rad1 Rc5 25.Ra6 R8c7 26.Rd4 Bc8 27.Rad6 Kg7 28.R6d5 Rxd5
29.Rxd5 f5 30.Bf3 g5 31.Ra5 g4 32.Bd5 Kf6 33.Kf1 h5 34.h4 f4  0-1

[Event "SVK-chT"]
[Site "?"]
[Date "1994.??.??"]
[Round "?"]
[White "Dudas, Jan"]
[Black "Duriga, Stefan"]
[Result "1-0"]
[WhiteElo "2290"]
[BlackElo "2255"]

1.c4 Nf6 2.Nc3 c6 3.d4 d5 4.e3 e6 5.Nf3 Be7 6.Bd3 O-O 7.O-O Nbd7 8.e4 dxe4
9.Nxe4 Nxe4 10.Bxe4 Nf6 11.Bc2 b6 12.Qd3 Bb7 13.Bg5 g6 14.Rad1 Rc8 15.Ne5 Nd7
16.Bxe7 Qxe7 17.Qg3 Rfd8 18.h4 Nf8 19.Rfe1 f6 20.Ng4 h5 21.Ne3 Qg7 22.Qf4 f5
23.c5 Ba6 24.Bb3 Kh7 25.Nc2 bxc5 26.dxc5 Bd3 27.Qg5 Rd7 28.Bxe6 Nxe6 29.Rxe6 Rcc7
30.Nb4 Be4 31.Rdd6  1-0

[Event "SVK-chT"]
[Site "?"]
[Date "1994.??.??"]
[Round "?"]
[White "Blaho, Stefan"]
[Black "Privara, Igor"]
[Result "1/2-1/2"]
[WhiteElo "2170"]
[BlackElo "2250"]

1.d4 d5 2.c4 c6 3.Nc3 e6 4.Nf3 Nf6 5.e3 Nbd7 6.Bd3 dxc4 7.Bxc4 b5 8.Bd3 a6
9.e4 c5 10.e5 cxd4 11.Nxb5 axb5 12.exf6 Qb6 13.fxg7 Bxg7 14.Qe2 O-O 15.O-O Bb7
16.Re1 Bd5 17.Bf4 Rxa2 18.Rxa2 Bxa2 19.Bxb5 Qb7 20.Bxd7 Qxd7 21.Be5 d3 22.Qd2 f6
23.Bc3 e5 24.h3 Bc4 25.Re4 Bb5 26.g4 Bc6 27.Re3 e4 28.Nd4 Bh6 29.Nf5 Bxe3
30.Qxe3 Ra8 31.h4 Ra1+ 32.Kh2 Qc7+ 33.Kg2 Bd7 34.Ne7+ Kf7 35.Nd5 Qc4 36.Bxf6 Qxd5
37.Bc3 Qe6 38.Qf4+ Ke8 39.Qb8+ Bc8 40.Qb5+ Bd7 41.Qb8+ Kf7 42.Qf4+ Kg8 43.Qg5+ Qg6
44.Qd8+  1/2-1/2

[Event "SVK-chT"]
[Site "?"]
[Date "1994.??.??"]
[Round "11"]
[White "Debnar, Lubos"]
[Black "Pcola, Pavel"]
[Result "0-1"]
[WhiteElo "2270"]
[BlackElo "2275"]

1.d4 d5 2.Nf3 Nf6 3.c4 c6 4.Nc3 e6 5.e3 Nbd7 6.Bd3 dxc4 7.Bxc4 b5 8.Bd3 Bb7
9.O-O b4 10.Na4 Be7 11.e4 O-O 12.Qc2 h6 13.Rd1 Qa5 14.Bf4 c5 15.b3 Rac8 16.Qe2 cxd4
17.Nxd4 Nc5 18.Nxc5 Bxc5 19.Nf3 Rfd8 20.Rac1 Qb6 21.Ne5 a5 22.Nc4 Qa7 23.Bg3 Qa8
24.e5 Ne4 25.Bxe4 Rxd1+ 26.Rxd1 Bxe4 27.Nd6 Bxd6 28.exd6 Bxg2 29.d7 Rd8 30.Bc7 Bh3  0-1

[Event "SWZ-chT"]
[Site "SWZ"]
[Date "1994.??.??"]
[Round "9"]
[White "Adler, Joel"]
[Black "Ruefenacht, Matthias"]
[Result "1/2-1/2"]
[WhiteElo "2320"]
[BlackElo "2390"]

1.d4 d5 2.Nf3 Nf6 3.c4 c6 4.Nc3 e6 5.e3 Nbd7 6.Qc2 Be7 7.Be2 O-O 8.O-O b6
9.e4 Nxe4 10.Nxe4 dxe4 11.Qxe4 Bb7 12.Rd1 Qc7 13.Bf4 Bd6 14.Bxd6 Qxd6 15.Ne5 Rad8
16.Bf3  1/2-1/2

[Event "Wch U16 Girls"]
[Site "Szeged"]
[Date "1994.??.??"]
[Round "6"]
[White "Apkhaidze, Natia"]
[Black "Tkeshelashvili, Sofia"]
[Result "1-0"]
[WhiteElo "2170"]
[BlackElo "2235"]

1.d4 d5 2.c4 c6 3.Nf3 Nf6 4.Nc3 e6 5.e3 Nbd7 6.Qc2 Bd6 7.Be2 O-O 8.O-O dxc4
9.Bxc4 Qe7 10.h3 e5 11.Bb3 Kh8 12.Bd2 h6 13.Nh4 Nb6 14.Bxf7 Qxf7 15.dxe5 Bxe5
16.Ng6+ Kg8 17.Nxe5 Qh5 18.f4 Be6 19.Rae1 Nbd5 20.e4 Nb4 21.Qb1 Rad8 22.Be3 Nd7
23.Nxd7 Rxd7 24.Rd1 Bxh3 25.Rxd7 Bxd7 26.Qd1 Qxd1 27.Rxd1 Bg4 28.Rd6 Nc2
29.Kf2 Nxe3 30.Kxe3 Re8 31.Kd4 Bc8 32.f5 h5 33.b4 a6 34.Na4 h4 35.Nb6 Bxf5
36.exf5 Re2 37.Rg6 Rxa2 38.Nc4 Rf2 39.Nd6 b6 40.Ne4 Rf1 41.Rg4 Rd1+ 42.Ke5 Rf1
43.f6  1-0

[Event "Wch U16"]
[Site "Szeged"]
[Date "1994.??.??"]
[Round "7"]
[White "Banikas, Hristos"]
[Black "Kelly, Bryan"]
[Result "1-0"]
[WhiteElo "2300"]
[BlackElo "2175"]

1.d4 d5 2.c4 e6 3.Nc3 c6 4.e3 Nf6 5.Nf3 Nbd7 6.Qc2 Bd6 7.Be2 O-O 8.O-O dxc4
9.Bxc4 e5 10.a3 Qe7 11.h3 h6 12.Nh4 Nb6 13.Ba2 exd4 14.exd4 Re8 15.Bxh6 Ne4
16.Nxe4 Qxe4 17.Qxe4 Rxe4 18.Bg5 Rxd4 19.Rfe1 Kf8 20.Nf3 Rd3 21.Be3 f6 22.Kf1 Bf5
23.Nd4 Rxd4 24.Bxd4 c5 25.Be3 Na4 26.Rad1 Be7 27.Bc1 Nb6 28.Bf4 c4 29.Bb1 Bxb1
30.Rxb1 Na4 31.Rec1 b5 32.Be3 a6 33.b3 cxb3 34.Rxb3 Bd6 35.Rd3 Ke7 36.Re1 Bb8
37.Bf4+ Be5 38.Bxe5 fxe5 39.Rxe5+ Kf6 40.f4 Ra7 41.g4 Nb2 42.Rd6+ Kf7 43.g5  1-0

[Event "Wch U18"]
[Site "Szeged"]
[Date "1994.??.??"]
[Round "8"]
[White "Kempinski, Robert"]
[Black "Kacheishvili, Giorgi"]
[Result "0-1"]
[WhiteElo "2385"]
[BlackElo "2425"]

1.d4 d5 2.Nf3 Nf6 3.c4 c6 4.Nc3 e6 5.e3 Nbd7 6.Qc2 Bd6 7.g4 dxc4 8.Bxc4 b6
9.g5 Nd5 10.e4 Nxc3 11.bxc3 Bb7 12.Be3 c5 13.Rd1 Qc7 14.d5 O-O 15.dxe6 fxe6
16.Bxe6+ Kh8 17.Qd3 Ne5 18.Nxe5 Bxe5 19.c4 Rad8 20.Bd5 Bc8 21.h3 Rf3 22.Ke2 Rdf8
23.g6 hxg6 24.Rdg1 Bd4 25.Rg4 Bxe3 26.fxe3 Rf2+ 27.Ke1 Bxg4 28.hxg4+ Rh2  0-1

[Event "Wch U16 Girls"]
[Site "Szeged"]
[Date "1994.??.??"]
[Round "8"]
[White "Zhukova, Natalia"]
[Black "Tkeshelashvili, Sofia"]
[Result "1/2-1/2"]
[WhiteElo "2260"]
[BlackElo "2235"]

1.d4 d5 2.Nf3 c6 3.c4 Nf6 4.Nc3 e6 5.e3 Nbd7 6.Qc2 Bd6 7.g4 dxc4 8.Bxc4 Qe7
9.e4 e5 10.g5 Nh5 11.Be2 g6 12.Be3 exd4 13.Bxd4 Ne5 14.Nxe5 Bxe5 15.Bxe5 Qxe5
16.Bxh5 gxh5 17.Qd2 Bg4 18.f4 Qe7 19.h3 Rd8 20.Qe3 Be6 21.Rh2 O-O 22.Rd1 Rxd1+
23.Kxd1 Rd8+ 24.Kc1 b5 25.Rc2 b4 26.Ne2 Qd6 27.b3 Qd1+ 28.Kb2 Rd3 29.Qc5 Rd2
30.f5 Bxf5 31.exf5 Qxe2 32.f6 Rxc2+ 33.Qxc2 Qe5+ 34.Kb1 Qe1+ 35.Kb2 Qe5+
36.Kb1 Qe1+ 37.Kb2 Qe5+  1/2-1/2

[Event "Szekszard op"]
[Site "Szekszard"]
[Date "1994.??.??"]
[Round "9"]
[White "Scekic, Milos"]
[Black "Lukacs, Peter"]
[Result "1-0"]
[WhiteElo "2290"]
[BlackElo "2490"]

1.d4 Nf6 2.c4 e6 3.Nf3 d5 4.Nc3 c6 5.e3 Nbd7 6.Qc2 Bd6 7.g4 dxc4 8.Bxc4 b5
9.Bd3 b4 10.Na4 Bb7 11.g5 Nd5 12.Bd2 c5 13.Nxc5 Bxc5 14.dxc5 Rc8 15.e4 Nxc5
16.Bb5+ Kf8 17.exd5 Bxd5 18.Qd1 Qb6 19.Be2 Ke7 20.Be3 Rhd8 21.Qc2 b3 22.axb3 Qb4+
23.Kf1 Nd7 24.Qd2 Qxb3 25.Ra3 Qb8 26.Bxa7 Qb7 27.Bd4 Ra8 28.Kg2 Rxa3 29.bxa3 Kf8
30.Qb4+  1-0

[Event "ISR-ch"]
[Site "Tel Aviv"]
[Date "1994.??.??"]
[Round "1"]
[White "Alterman, Boris"]
[Black "Stisis, Yaacov"]
[Result "1-0"]
[WhiteElo "2585"]
[BlackElo "2400"]

1.d4 d5 2.c4 c6 3.Nc3 e6 4.e3 Nf6 5.Nf3 Nbd7 6.Bd3 dxc4 7.Bxc4 b5 8.Bd3 a6
9.a4 b4 10.Ne4 c5 11.O-O Bb7 12.Ned2 Be7 13.a5 O-O 14.Qe2 Qc7 15.Nc4 Ng4
16.Ncd2 Ngf6 17.Re1 Rfd8 18.e4 cxd4 19.e5 Nd5 20.Nb3 Nc5 21.Nxc5 Qxc5 22.Ng5 Bxg5
23.Bxg5 Rdc8 24.Rac1 Qf8 25.Qe4 g6 26.Qxd4 Rxc1 27.Rxc1 Rc8 28.Rxc8 Qxc8
29.h4 h5 30.Bd2 Qc6 31.Bf1 Qa4 32.Qa7 Qc6 33.Qb8+ Qc8 34.Qd6 Qf8 35.Bxa6 Bxa6
36.Qxa6 Qb8 37.Qd6 Qa7 38.a6 b3 39.Qf8+ Kh7  1-0

[Event "Tel Aviv ASA"]
[Site "Tel Aviv"]
[Date "1994.??.??"]
[Round "2"]
[White "Bezold, Michael"]
[Black "Bykhovsky, Avigdor"]
[Result "1/2-1/2"]
[WhiteElo "2515"]
[BlackElo "2460"]

1.c4 c6 2.Nf3 d5 3.d4 Nf6 4.Nc3 e6 5.e3 Nbd7 6.Qc2 Bd6 7.Be2 O-O 8.O-O Re8
9.Rd1 Qe7 10.a3 b6 11.e4 Nxe4 12.Nxe4 dxe4 13.Qxe4 Bb7 14.Bd3 f5 15.Qe2 c5
16.Bc2 Rad8 17.dxc5 Nxc5 18.Be3 Qf6 19.Bxc5 bxc5 20.Ba4 Rf8 21.Re1 Be4 22.Bc2 Bxf3
23.Qxf3 Qxb2 24.Qe2 Rfe8 25.Ba4 Qxe2 26.Rxe2 Re7 27.Rd1 Bc7 28.Rxd8+ Bxd8
29.Rd2 Bc7 30.Rd7 Kf7 31.Kf1 Be5 32.Bc6 g6 33.g3 Bb2 34.a4 Rxd7 35.Bxd7 Kf6
36.a5 g5 37.a6 g4 38.Ke2 Bd4 39.Kf1 e5 40.Kg2 e4 41.Kf1 h5 42.Ke2 Be5 43.Be8 h4
44.Bd7 h3 45.Bc8 Kg5 46.Bb7 Bd4 47.Bc6 Kf6 48.Bd7 Ke5 49.Bc8 Bc3 50.Ke3 Ba5
51.Bd7 Bd8 52.Bc8 Bg5+ 53.Ke2 Bc1 54.Bd7 Kf6 55.Bc8 Kg5 56.Bb7 Kh5 57.Bc6 Bh6
58.Bb7 Kg5 59.Bc6 Kf6 60.Bb7 Bf8 61.Bc6 Ke6 62.Bb7 Bd6 63.Bc8+ Ke5 64.Ke3  1/2-1/2

[Event "ISR-ch"]
[Site "Tel Aviv"]
[Date "1994.??.??"]
[Round "9"]
[White "Gofshtein, Leonid D"]
[Black "Manor, Ilan"]
[Result "0-1"]
[WhiteElo "2495"]
[BlackElo "2485"]

1.Nf3 Nf6 2.c4 c6 3.d4 d5 4.Nc3 e6 5.e3 Nbd7 6.Qc2 Bd6 7.Be2 O-O 8.b3 Qe7
9.O-O dxc4 10.bxc4 e5 11.Re1 Re8 12.a4 a6 13.Bb2 e4 14.Nd2 Nf8 15.c5 Bc7
16.Ba3 Bf5 17.Nc4 Ng4 18.Bxg4 Bxg4 19.Nd6 Bxd6 20.cxd6 Qg5 21.Ne2 Re6 22.Qc5 Qh4
23.Ng3 Rh6 24.h3 Bxh3 25.gxh3 Qxh3 26.Re2 Rh4 27.d5 Nd7 28.Qc3 f6 29.dxc6 Ne5
30.Qxe5 fxe5 31.d7 bxc6 32.Rd2 Rd8 33.Be7 Rxd7 34.Rxd7 Qxd7 35.Bxh4 h6 36.Nf1 Qg4+
37.Bg3 h5 38.Rc1 h4 39.a5 hxg3 40.Nxg3 Qd7 41.Nxe4 Qg4+ 42.Ng3 Qb4 43.Rxc6 Qxa5
44.Ne4 Qd5 45.Rc8+ Kh7 46.f3 a5 47.Rc7 Qd1+ 48.Kf2 a4 49.Rc6 Kg8 50.Ng5 Qd8
51.Ra6 Qxg5 52.Rxa4 Kh7 53.Rg4 Qf5 54.e4 Qd7 55.Kg3 Qd2 56.Rh4+ Kg6 57.Rg4+ Kf6
58.Kh3 Qf2 59.Rg3 g5  0-1

[Event "ISR-ch"]
[Site "Tel Aviv"]
[Date "1994.??.??"]
[Round "9"]
[White "Mikhalevski, Victor"]
[Black "Khenkin, Igor"]
[Result "0-1"]
[WhiteElo "2530"]
[BlackElo "2580"]

1.d4 d5 2.c4 c6 3.Nf3 Nf6 4.Nc3 e6 5.e3 Nbd7 6.Bd3 dxc4 7.Bxc4 b5 8.Bd3 Bb7
9.a3 b4 10.Ne4 a5 11.Nxf6+ Nxf6 12.e4 Be7 13.Qe2 Nd7 14.O-O O-O 15.Be3 c5
16.axb4 cxd4 17.Bxd4 Bxb4 18.Rac1 Rc8 19.Rxc8 Qxc8 20.Qe3 h6 21.Rc1 Qb8 22.Bb5 Rd8
23.Ba4 Nf8 24.Bb6 Rc8 25.Rxc8 Qxc8 26.h3 Ng6 27.Bd4 Qc4 28.Bd1 Qc6 29.e5 Ba6
30.Nh2 Nh4 31.Nf3 Nf5 32.Qf4 g5 33.Nxg5 hxg5 34.Qxg5+ Kf8 35.Bf3 Qd7 36.Bb6 Qe7
37.Qh5 Qh4 38.Qxh4 Nxh4 39.Be4 Ng6 40.Bc7 a4 41.Bc6 Bc5 42.Bxa4 Bd4 43.b4 Bc4
44.Bc2 Nxe5 45.Be4 f5 46.Bc2 Nd3 47.Bxd3 Bxd3 48.g3 e5 49.Kg2 Be4+ 50.Kf1 Bf3
51.Bb8 Bc6 52.Ke2 Bb5+ 53.Kf3 Bc6+ 54.Ke2 Bb5+ 55.Kf3 Bf1 56.g4 Bxh3 57.gxf5 Bxf5
58.b5 Kf7 59.Bd6 Kg6 60.Bc7 Bc8 61.Ke4 Bb7+ 62.Kd3 Kf5 63.Ke2 Kf4 64.Bd8 Bf3+
65.Kf1 Bd5 66.Kg1 Kf3 67.Bh4 e4 68.Bg3 Bc4 69.Bh4 Bxb5 70.Bg3 Bc5 71.Bh4 Bc4
72.Bg3 e3 73.fxe3 Kxg3 74.Kh1 Be2  0-1

[Event "Czerniak mem"]
[Site "Tel Aviv"]
[Date "1994.??.??"]
[Round "10"]
[White "Teplitsky, Yan"]
[Black "Carmel, Ephraim"]
[Result "1-0"]
[WhiteElo "2425"]
[BlackElo "2280"]

1.Nf3 d5 2.c4 c6 3.e3 Nf6 4.Nc3 e6 5.d4 Bd6 6.Bd3 Nbd7 7.O-O O-O 8.e4 dxe4
9.Nxe4 Nxe4 10.Bxe4 c5 11.Bc2 cxd4 12.Qxd4 Qc7 13.Qh4 f5 14.Nd4 Nf6 15.Nb5 Qc6
16.Nxd6 Qxd6 17.Rd1 Qc7 18.b3 Bd7 19.Ba3 Rf7 20.Bd6 Qc6 21.f3 Re8 22.Qd4 a6
23.b4 Rc8 24.Bb3 Rd8 25.Be5 Qc8 26.a4 Rff8 27.Bd6 Bc6 28.Qe5 Rf7 29.b5 Bd7
30.Rd2 Ne8 31.Bc5 Qc7 32.Qxc7 Nxc7 33.Rad1 Na8 34.Bb4 b6 35.bxa6 g5 36.c5  1-0

[Event "Ter Apel"]
[Site "Ter Apel"]
[Date "1994.??.??"]
[Round "1"]
[White "Dautov, Rustem"]
[Black "Khalifman, Alexander"]
[Result "1/2-1/2"]
[WhiteElo "2625"]
[BlackElo "2660"]

1.d4 d5 2.c4 c6 3.Nf3 Nf6 4.Nc3 e6 5.e3 Nbd7 6.b3 Bd6 7.Be2 O-O 8.O-O Ne4
9.Bb2 f5 10.a3 Qf6 11.b4 a6 12.Rc1 Qh6 13.g3 Ndf6 14.Ne5 Bd7 15.Kg2 Be8 16.f3  1/2-1/2

[Event "Terrassa op"]
[Site "Terrassa"]
[Date "1994.??.??"]
[Round "2"]
[White "Cifuentes Parada, Roberto"]
[Black "Bravo, Narciso"]
[Result "1-0"]
[WhiteElo "2495"]
[BlackElo "2265"]

1.d4 d5 2.c4 c6 3.e3 e6 4.Nc3 Nf6 5.Nf3 Nbd7 6.Qc2 Bd6 7.Be2 O-O 8.O-O Re8
9.Rd1 b6 10.e4 dxe4 11.Nxe4 Nxe4 12.Qxe4 Qc7 13.Be3 Bb7 14.Qh4 c5 15.dxc5 bxc5
16.Rd3 Nf8 17.Rad1 Ng6 18.Qh5 Rad8 19.R3d2 h6 20.Bxc5 Nf4 21.Bxd6 Nxe2+ 22.Rxe2 Rxd6
23.Rxd6 Qxd6 24.Re1 Rc8 25.Ne5 Rc7 26.Rd1 Qe7 27.b3 Rc5 28.Qxf7+ Qxf7 29.Rd8+  1-0

[Event "Terrassa op"]
[Site "Terrassa"]
[Date "1994.??.??"]
[Round "3"]
[White "Gonzalez Velez, Fermin"]
[Black "Kolev, Atanas"]
[Result "1/2-1/2"]
[WhiteElo "2405"]
[BlackElo "2495"]

1.d4 Nf6 2.c4 c6 3.Nc3 d5 4.e3 e6 5.Nf3 Nbd7 6.Qc2 Bd6 7.Be2 O-O 8.O-O Re8
9.b3 Qe7 10.Re1 b6 11.e4 Nxe4 12.Nxe4 dxe4 13.Qxe4 Bb7 14.Bb2 f5 15.Qc2 Bb4
16.Red1 Ba3 17.Bxa3 Qxa3 18.Rac1 Ba6 19.Bd3 Rad8 20.Re1 Qd6 21.Rcd1 Nf6 22.Qc3 c5
23.Bc2 Bb7 24.dxc5 Qxc5 25.b4 Qc8 26.Bb3 h6 27.Nd4 a6 28.Qc2 Be4 29.Qe2 e5
30.Nf3 Kh7 31.Rxd8 Qxd8 32.Rd1 Qe7 33.a3 a5 34.Qd2 Bxf3 35.gxf3 axb4 36.axb4 Qb7
37.Qe3 e4 38.Ba4 Re7 39.Qf4 Qc8 40.Bc2 Kh8 41.Qd6 Rd7 42.Qxb6 Rxd1+ 43.Bxd1 Qxc4
44.Qc5 Qd3 45.Qc8+ Ng8 46.Qc2 Qd4 47.b5 Nf6 48.fxe4 fxe4 49.Qc8+ Kh7 50.Qc2  1/2-1/2

[Event "Terrassa op"]
[Site "Terrassa"]
[Date "1994.??.??"]
[Round "6"]
[White "Alvarez Ibarra, D Rafael"]
[Black "Bordell Rosell, Roman"]
[Result "1-0"]
[WhiteElo "2430"]
[BlackElo "2255"]

1.d4 Nf6 2.c4 e6 3.Nf3 d5 4.Nc3 c6 5.e3 Nbd7 6.Qc2 Bb4 7.Bd2 Bxc3 8.Bxc3 Ne4
9.Be2 f5 10.O-O Nxc3 11.bxc3 O-O 12.cxd5 exd5 13.c4 dxc4 14.Bxc4+ Kh8 15.Rab1 Qf6
16.Bd3 Nb6 17.Ne5 Be6 18.a4 Rab8 19.a5 Nd7 20.Nxd7 Bxd7 21.Qc5 b6 22.axb6 axb6
23.Rxb6 Rxb6 24.Qxb6 f4 25.Qc5 g6 26.Be2 Re8 27.Bf3 g5 28.h3 Kg7 29.exf4 gxf4
30.Ra1 Kh8 31.Kh2 Rd8 32.Re1 Bf5 33.Bxc6 Rxd4 34.Re5 Rd6 35.Rxf5 Rxc6 36.Rxf6 Rxc5
37.Rxf4 Kg7 38.g4 Kg6 39.h4 Rc3 40.Kg2 Ra3 41.Rf5 Rb3 42.f3 Rb1 43.Ra5 Rb6
44.Kg3 Rc6 45.h5+ Kh6 46.Kh4 Re6 47.g5+ Kg7 48.Ra7+ Kg8 49.Kg4 Rc6 50.f4 Rc5
51.g6 hxg6 52.hxg6 Rb5 53.f5 Rb8 54.Kg5 Rb1 55.f6 Rg1+ 56.Kf5 Rf1+ 57.Ke5 Re1+
58.Kd4  1-0

[Event "Ticino op"]
[Site "Ticino"]
[Date "1994.??.??"]
[Round "5"]
[White "Naumkin, Igor"]
[Black "Medancic, Rikard"]
[Result "1/2-1/2"]
[WhiteElo "2475"]
[BlackElo "2335"]

1.d4 d5 2.c4 e6 3.Nc3 c6 4.e3 Nf6 5.Nf3 g6 6.Bd3 Bg7 7.O-O O-O 8.Qe2 Nbd7
9.Rd1 Qe7 10.Bd2 dxc4 11.Bxc4 e5 12.dxe5 Nxe5 13.Nxe5 Qxe5 14.f3 Re8 15.e4 Be6
16.Be3 Bf8 17.Kh1 b6 18.Bd4 Bxc4 19.Qxc4 Qe6 20.Qxe6 Rxe6 21.Ne2 Bg7 22.Bc3 Rc8
23.Rd2 Ne8 24.Bxg7 Kxg7 25.Rad1 Re7 26.g4 Nc7 27.Nd4 Nb5 28.Nxb5 cxb5 29.Kg2 Rc5
30.Kg3 h5 31.gxh5 Rg5+ 32.Kf4 Rxh5 33.Rc2 Rc5 34.Rxc5 bxc5 35.Rd5 Rc7 36.Ke5 Rc6
37.Rd7 Ra6 38.a3 b4 39.axb4 cxb4 40.Rb7 Re6+ 41.Kd4 a5 42.Ra7 Rc6 43.Rxa5 Rc2
44.h4  1/2-1/2

[Event "Tilburg blitz"]
[Site "Tilburg"]
[Date "1994.??.??"]
[Round "1"]
[White "Boensch, Uwe"]
[Black "Hansen, Curt"]
[Result "1-0"]
[WhiteElo "2540"]
[BlackElo "2605"]

1.d4 d5 2.c4 e6 3.Nc3 c6 4.e3 Nf6 5.Nf3 Nbd7 6.Qc2 Bd6 7.Bd2 O-O 8.h3 Re8
9.g4 e5 10.cxd5 cxd5 11.Nb5 Bb8 12.Rc1 e4 13.Ng1 Re6 14.Qxc8  1-0

[Event "Tilburg rapid20"]
[Site "Tilburg"]
[Date "1994.??.??"]
[Round "1"]
[White "Boensch, Uwe"]
[Black "Hansen, Curt"]
[Result "0-1"]
[WhiteElo "2540"]
[BlackElo "2605"]

1.d4 d5 2.c4 e6 3.Nc3 c6 4.e3 Nf6 5.Nf3 Nbd7 6.Qc2 Bd6 7.Bd2 O-O 8.h3 Re8
9.g4 e5 10.g5 exd4 11.gxf6 dxc3 12.Bxc3 Nxf6 13.Rg1 g6 14.Ng5 Be5 15.O-O-O Bxc3
16.Qxc3 Bf5 17.Bd3 Bxd3 18.Rxd3 Qe7 19.cxd5 Nxd5 20.Qb3 Rad8 21.a3 Nf6 22.Rgd1 Rxd3
23.Rxd3 Qc5+  0-1